000 00301 a2200157 4500
001 69024
020 _a
040 _cAnchieta - Itaigara
100 _aBrasileiro, Jonar
240 1 0 _aLua
_lpor
245 1 0 _aLua
300 _a15
362 0 _a2008
650 4 _aLiteratura infantil
942 _cBK
999 _c69024
_d69024